000 00809nam a2200277 i 4500
001 15370
003 ES-MaACL
005 20250829045051.0
007 t|
008 000218s1999 sp ||||1| spa d
020 _a84-7880-815-9
080 _a929 Lejarza, Mikel
080 _a323.28(460)
100 1 _aVinader, Xavier.
_9115294
245 1 0 _aOperación Lobo :
_bmemorias de un infiltrado en ETA /
_cXavier Vinader.
250 _a1ª ed.
260 _aMadrid :
_bTemas de Hoy,
_c1999.
300 _a262 p. :
_bil. ;
_c22 cm.
490 1 _aGrandes temas ;
_v81
600 1 4 _aLejarza, Mikel.
_971417
610 2 4 _aETA.
_94042
650 4 _aTerrorismo-
_xEspaña.
_917495
830 1 0 _aGrandes temas (Temas de Hoy)
_v81
_9237065
852 _aES-MaACL
_jL-22500
999 _c15370
_d15370